Phong cách Hồ Chí Minh

Shranjeno v:
Bibliografske podrobnosti
Glavni avtor: Đỗ, Hoàng Linh
Format: Knjiga
Jezik:Undetermined
Izdano: Hà Nội Chính trị quốc gia 2014
Teme:
Oznake: Označite
Brez oznak, prvi označite!
Thư viện lưu trữ: Trung tâm Học liệu Trường Đại học Cần Thơ
LEADER 00715nam a2200217Ia 4500
001 CTU_194486
008 210402s9999 xx 000 0 und d
020 |c 63000 
082 |a 324.2075092 
082 |b L312 
100 |a Đỗ, Hoàng Linh 
245 0 |a Phong cách Hồ Chí Minh 
245 0 |c Đỗ Hoàng Linh, Vũ Kim Yến (tuyển chọn và biên soạn) 
260 |a Hà Nội 
260 |b Chính trị quốc gia 
260 |c 2014 
650 |a Communists,Ho Chi Minh,Người cộng sản,Hồ Chí Minh 
650 |x Biography,Tiểu sử 
650 |z Vietnam,Việt Nam 
910 |a Nguyên 
980 |a Trung tâm Học liệu Trường Đại học Cần Thơ